| 000 | 00587nam a22001817a 4500 | ||
|---|---|---|---|
| 008 | 140630b xxu||||| |||| 00| 0 eng d | ||
| 020 | _a9-7814-0572-8904 | ||
| 082 |
_222 ed. _a346.420434 _bBUT |
||
| 100 | _aDriscoll, James (consultant editor) | ||
| 245 |
_aButterworths : _bResidential landlord and tenant handbook / _c James Driscoll (consultant editor) |
||
| 250 | _a5 ed. | ||
| 260 |
_aUK : _bLexisNexis _c2009 |
||
| 300 |
_axiii, 1864 P. ; _c25 cm. |
||
| 500 | _aIncludes Index | ||
| 650 | _aLand law | ||
| 650 | _aResidential landlord and tenant handbook | ||
| 942 |
_2ddc _cBK |
||
| 999 |
_c5894 _d5894 |
||